000 01118nam a2200289 a 4500
001 BRL_1069
005 20190320211024.0
008 061113s1972----mx-ao#####---#000-0#spa-#
041 _aspa
044 _amx
050 4 _aNK845.M4
_b.A77 1972
245 1 0 _aArtesanos y artesanías del Estado de México
_ctextos de Rafael Carrillo y Teresa Pomar ; fotografías de Manuel Alvarez Bravo...[et al.]
260 _aMéxico
_bDirección de Promoción Industrial, Comercial y Artesanal del Gobierno del Estado de México
_c[1972]
300 _a105 p.
_bil. (algunas a color)
_c32 cm.
500 _aej.1 Au1169, ej.2 1550
500 _aEstado físico: El ejemplar 1 no tiene camisa.
500 _aLa biblioteca cuenta con 2 ejemplares
500 _aIncluye dedicatoria a Ruth Lechuga en el ejemplar 2
650 1 4 _aArte popular
_zMéxico (Estado)
_925739
650 1 4 _aArtesanos
_zMéxico (Estado)
_925740
650 1 4 _aArtesanías
_zMéxico (Estado)
_925741
700 1 _aCarrillo, Rafael
_923637
700 1 _aPomar, Teresa
_925742
700 1 _aAlvarez Bravo, Manuel
_eil.
_910450
902 _aGRL
942 _2lcc
_cB
999 _c9881
_d9881